Tarantino : (Record no. 586614)

MARC details
000 -LEADER
fixed length control field 00440nam a2200181 a 4500
008 - FIXED-LENGTH DATA ELEMENTS--GENERAL INFORMATION
fixed length control field 250911s2007##################000#0#eng##
020 ## - INTERNATIONAL STANDARD BOOK NUMBER
ISBN 9780753512739
082 04 - DEWEY DECIMAL CLASSIFICATION NUMBER
Classification number 791.430233
Item number SMI
100 1# - MAIN ENTRY--AUTHOR NAME
Personal name Smith, Jim,
245 10 - TITLE STATEMENT
Title Tarantino :
260 ## - PUBLICATION, DISTRIBUTION, ETC. (IMPRINT)
Name of publisher Virgin Books Limited,
Year of publication 2007.
650 #0 - SUBJECT ADDED ENTRY--TOPICAL TERM
Topical Term Performing Arts.
942 ## - ADDED ENTRY ELEMENTS (KOHA)
Koha item type English Books
Holdings
Withdrawn status Lost status Damaged status Not for loan Home library Current library Shelving location Date acquired Full call number Accession Number Price effective from Koha item type
        Anna Centenary Library Anna Centenary Library 6TH FLOOR, B WING 11.09.2025 791.430233 SMI 338753 11.09.2025 English Books

Find us on the map